Cơ sở khoa học lập quy hoạch phòng chống úng ngập dựa trên phân tích rủi ro
Trình bày tổng quan các nghiên cứu, phương pháp luận quy hoạch phòng chống úng ngập trên cơ sở phân tích rủi ro. Xây dựng và phân tích kết quả mô hình bài toán quy hoạch phòng chống úng ngập tối ưu lưu vực sông Phan - Cà Lô tỉnh Vĩnh Phúc. X...
Đã lưu trong:
| Príomhúdar: | |
|---|---|
| Formáid: | Leabhar |
| Teanga: | Vietnamese |
| Foilsithe: |
H.
Xây dựng
2023
|
| Ábhair: | |
| Clibeanna: |
Cuir Clib Leis
Gan Chlibeanna, Bí ar an gcéad duine leis an taifead seo a chlibeáil!
|
| Thư viện lưu trữ: | Thư viện Trường Đại học Nam Cần Thơ |
|---|
| LEADER | 01717nam a22002297a 4500 | ||
|---|---|---|---|
| 001 | NCT_4_024561 | ||
| 008 | 250703b xxu||||| |||| 00| 0 vie d | ||
| 999 | |c 9210 |d 9210 | ||
| 020 | |a 9786048271671 |c 109000 | ||
| 082 | 0 | 4 | |2 23rd ed. |a 627.4 |b D513 |
| 100 | 1 | |a Nguyễn Thiện Dũng |e Chủ biên | |
| 245 | 1 | 0 | |a Cơ sở khoa học lập quy hoạch phòng chống úng ngập dựa trên phân tích rủi ro |c Nguyễn Thiện Dũng (chủ biên) |
| 260 | |a H. |b Xây dựng |c 2023 | ||
| 300 | |a 156 tr. |b hình, bảng |c 27 cm | ||
| 500 | |a ĐTTS ghi: Trường Đại học Thuỷ lợi | ||
| 520 | 3 | |a Trình bày tổng quan các nghiên cứu, phương pháp luận quy hoạch phòng chống úng ngập trên cơ sở phân tích rủi ro. Xây dựng và phân tích kết quả mô hình bài toán quy hoạch phòng chống úng ngập tối ưu lưu vực sông Phan - Cà Lô tỉnh Vĩnh Phúc. Xây dựng mô hình toán xác định cấp ngập cần bảo vệ tối ưu dựa trên phân tích rủi ro và giải pháp | |
| 653 | |a Xây dựng | ||
| 942 | |2 ddc |c BK | ||
| 952 | |0 0 |1 0 |2 ddc |4 0 |6 627_400000000000000_D513 |7 0 |9 31144 |a 000001 |b 000001 |d 2025-07-03 |o 627.4 D513 |p MD.24117 |r 2025-07-03 |v 109000.00 |w 2025-07-03 |y BK | ||
| 952 | |0 0 |1 0 |2 ddc |4 0 |6 627_400000000000000_D513 |7 0 |9 31145 |a 000001 |b 000001 |d 2025-07-03 |o 627.4 D513 |p MD.24118 |r 2025-07-03 |v 109000.00 |w 2025-07-03 |y BK | ||
| 952 | |0 0 |1 0 |2 ddc |4 0 |6 627_400000000000000_D513 |7 0 |9 31146 |a 000001 |b 000001 |d 2025-07-03 |o 627.4 D513 |p MD.24119 |r 2025-07-03 |v 109000.00 |w 2025-07-03 |y BK | ||
| 980 | |a Thư viện Trường Đại học Nam Cần Thơ | ||


